The Protestant Ethic and the Spirit of Capitalism / (Record no. 616984)
[ view plain ]
| 000 -LEADER | |
|---|---|
| fixed length control field | 00379nam a22001337a 4500 |
| 020 ## - INTERNATIONAL STANDARD BOOK NUMBER | |
| Qualifying information | PB. |
| 040 ## - CATALOGING SOURCE | |
| Transcribing agency | Fizza Ishaq |
| 082 ## - DEWEY DECIMAL CLASSIFICATION NUMBER | |
| Classification number | 306.6 |
| Author Mark | TAW |
| 100 ## - MAIN ENTRY--PERSONAL NAME | |
| Personal name | Weber,Max. |
| 9 (RLIN) | 134055 |
| 245 ## - TITLE STATEMENT | |
| Title | The Protestant Ethic and the Spirit of Capitalism / |
| Statement of responsibility, etc. | Max Weber. |
| 260 ## - PUBLICATION, DISTRIBUTION, ETC. | |
| Place of publication, distribution, etc. | New York : |
| Name of publisher, distributor, etc. | Charles Scribner & Sons, |
| Date of publication, distribution, etc. | 1958. |
| 300 ## - PHYSICAL DESCRIPTION | |
| Extent | 292 p, ; |
| Dimensions | 5.3 x 7.9 x .9 inches |
| 942 ## - ADDED ENTRY ELEMENTS (KOHA) | |
| Source of classification or shelving scheme | |
| Koha item type | Book |
| Withdrawn status | Lost status | Source of classification or shelving scheme | Damaged status | Not for loan | Permanent Location | Current Location | Shelving location | Date acquired | Total Checkouts | Full call number | Barcode | Date last seen | Price effective from | Koha item type |
|---|---|---|---|---|---|---|---|---|---|---|---|---|---|---|
| NUST Baluchistan Campus (NBC) | NUST Baluchistan Campus (NBC) | General Stacks | 04/13/2026 | 306.6 TAW | QD-685 | 04/13/2026 | 04/13/2026 | Book |
